| 000 | 00592nam a2200193 a 4500 | ||
|---|---|---|---|
| 005 | 20240911064752.0 | ||
| 008 | 010604s1988 mx r 000 0 spa d | ||
| 020 | _a9682314437 | ||
| 035 | _aUPN01000107465 | ||
| 049 | _aCG | ||
| 050 | 4 |
_aHX73 _bS2.7 |
|
| 100 | 1 | _aSalazar Valiente, Mario | |
| 245 | 1 | 0 |
_a¿Saltar al reino de la libertad? _cpor Mario Salazar Valiente |
| 260 |
_aMéxico : _bUNAM, Facultad de Ciencias Políticas y Sociales : _bSiglo XXI, _c1988. |
||
| 300 | _a2 v. | ||
| 505 | 0 | _av.1: Crítica de la transición al comunismo | |
| 650 | 4 |
_aComunismo _96792 |
|
| 905 | _aLibro | ||
| 999 |
_c81377 _d81377 |
||